| 000 | 01655nam a2200421Ii 4500 | ||
|---|---|---|---|
| 001 | DIGTRO0165 | ||
| 003 | NyNyDIG | ||
| 006 | m o d | ||
| 007 | cr ||||||||||| | ||
| 008 | 220706s2018 sp ob 001 0 spa d | ||
| 035 | _a(OCoLC)1350507638 | ||
| 040 |
_aDGITA _beng _erda _epn _cDGITA |
||
| 020 |
_a9788413640365 _qePub |
||
| 020 | _z9788498797725 | ||
| 050 | 1 | 4 | _aBS2505 ebook |
| 100 | 1 |
_aPiñero Sáenz, Antonio, _eauthor. |
|
| 245 | 1 | 0 |
_aGuía para entender a Pablo de Tarso : _buna interpretación del pensamiento paulino / _cAntonio Piñero. |
| 250 | _aSegunda edición. | ||
| 264 | 1 |
_a[Madrid] : _bEditorial Trotta, _c2018. |
|
| 300 | _a1 online resource. | ||
| 336 |
_atext _btxt _2rdacontent |
||
| 337 |
_acomputer _bc _2rdamedia |
||
| 338 |
_aonline resource _bcr _2rdacarrier |
||
| 347 |
_atext file _2rdaft |
||
| 347 | _bEPUB | ||
| 490 | 1 | _aColección Estructuras y procesos. Serie Religión | |
| 504 | _aIncludes bibliographical references and index. | ||
| 588 | 0 | _aOnline resource; title from ePub title page (Digitalia, viewed July 6, 2022) | |
| 600 | 0 | 0 |
_aPaul, _cthe Apostle, Saint _xCriticism and interpretation. |
| 655 | 0 | _aElectronic books. | |
| 791 | 2 |
_aDigitalia (Firm), _edistributor. |
|
| 793 | 0 |
_gDigitalia eBook Collection: _aTrotta Editorial |
|
| 776 | 0 | 8 |
_iPrint version: _aPiñero Sáenz, Antonio. _tGuía para entender a Pablo de Tarso. _d[Madrid] : Editorial Trotta, [2018] _z9788498797725 |
| 830 | 0 |
_aColección Estructuras y procesos. _pSerie Religión. |
|
| 856 | 4 | 0 |
_3Digitalia Hispánica _uhttps://www.digitaliapublishing.com/a/109848/ |
| 910 | _aPremium collection: 2022 | ||
| 942 | _cRAA | ||
| 999 |
_c272233 _d272233 |
||